000 00824nam a2200277Ia 4500
003 OSt
005 20221007122113.0
006 a|||||r|||| 00| 0
007 ta
008 221006b |||||||| |||| 00| 0 eng d
020 _a0521598419 (pbk)
024 _a9034
037 _bDhanraj,
_cTextual
040 _aPAPL
_cPAPL
_beng
041 _2eng
_aeng
082 _aCN1, P2 Carpa
100 _aLevin F S
_9713459
245 0 _aIntroduction to quantum theory
260 _aCambridge
_bCambridge University Press
_c2002
300 _axiii,793p
_ccm.
500 _aAppendix A-D, 756-775p; Bibliographical references 776-781p; Index 783-793p
650 _a Qunatum Theory
_9713460
650 _aPhysics
942 _hCN1, P2 Carpa
_cTEXL
_2CC
999 _c1209775
_d1209775